Caer en el garlito (Record no. 157645)

MARC details
000 -LEADER
campo de control de longitud fija 01373nam a22002775i 4500
001 - NÚMERO DE CONTROL
campo de control 157645
003 - IDENTIFICADOR DE NÚMERO DE CONTROL
campo de control ES-MaACL
005 - FECHA Y HORA DE LA ÚLTIMA TRANSACCIÓN
campo de control 20251003185627.0
008 - DATOS DE LONGITUD FIJA--INFORMACIÓN GENERAL
campo de control de longitud fija 040906s1843 sp |||| | spa d
040 ## - FUENTE DE CATALOGACIÓN
Centro catalogador/agencia de origen CAM
Lengua de catalogación spa
Centro/agencia transcriptor CAM
080 ## - NÚMERO DE LA CLASIFICACIÓN DECIMAL UNIVERSAL
Número de la Clasificación Decimal Universal 821.133.1-23"18"
100 1# - ENTRADA PRINCIPAL--NOMBRE DE PERSONA
Nombre de persona Leuven, Adolphe de.
9 (RLIN) 138026
245 10 - MENCIÓN DEL TÍTULO
Título Caer en el garlito
Resto del título : comedia en tres actos /
Mención de responsabilidad, etc. escrita en francés por Leuven y Brunswick; traducida al español por I. Gil y A.M. de Ojeda.
260 ## - PUBLICACIÓN, DISTRIBUCIÓN, ETC.
Lugar de publicación, distribución, etc. Madrid :
Nombre del editor, distribuidor, etc. [s.n.,
Fecha de publicación, distribución, etc. s.a.] (
Fabricante Imprenta de Joaquín Merás y Compañía)
300 ## - DESCRIPCIÓN FÍSICA
Extensión 27 p. ;
Dimensiones 26 cm.
490 1# - MENCIÓN DE SERIE
Mención de serie Museo dramático ó Colección de comedias del teatro extranjero representadas en los principales de la corte
500 ## - NOTA GENERAL
Nota general Representada por primera vez en el teatro del Príncipe el día 3 de septiembre 1843.
594 ## - Nota al título y mención de responsabilidad
Nota al título y mención de responsabilidad Tit. y mención de responsabilidad tomados de la primera pag.
596 ## - NOTA AL PIE DE IMPRENTA
NOTA AL PIE DE IMPRENTA Pie de imp. consta en colofón.
700 1# - ENTRADA AGREGADA--NOMBRE PERSONAL
Nombre de persona Brunswick, Léon-Lévy.
9 (RLIN) 138030
700 1# - ENTRADA AGREGADA--NOMBRE PERSONAL
Nombre de persona Gil y Baus, Isidoro,
Fechas asociadas al nombre 1814-1866
9 (RLIN) 56736
700 1# - ENTRADA AGREGADA--NOMBRE PERSONAL
Nombre de persona Ojeda, Antonio María de.
9 (RLIN) 149486
830 00 - PUNTO DE ACCESO ADICIONAL DE SERIE-TÍTULO UNIFORME
Título uniforme Museo dramático ó Colección de comedias del teatro estranjero representadas en los principales teatros de la corte
9 (RLIN) 242030
852 ## - LOCALIZACIÓN
Ubicación ES-MaACL
Número de control de estantería F-7489(15)
Nota libre -- Enc. hol.
condición física -- Falto de la cub. original
Nota libre -- Enc. en un vol. facticio
Holdings
Estatus retirado Estado de pérdida Estado de daño No para préstamo Biblioteca de origen Biblioteca actual Ubicación en estantería Fecha de adquisición Total de préstamos Signatura topográfica completa Código de barras Visto por última vez Precio de reemplazo Tipo de ítem Koha
        Biblioteca del Ateneo de Madrid Biblioteca del Ateneo de Madrid Depósito 2 17/01/2008   F-7489(15) 1164971 23/02/2023 23/02/2023 Libro impreso